SC Internacional Squad 2025 - Statistics

General Stats
  • This quiz has been taken 70 times
  • The average score is 20 of 36
Answer Stats
# Position Nation Player % Correct
1 GK Uruguay Sergio Rochet
93%
10 MF Brazil Alan Patrick
91%
13 FW Ecuador Enner Valencia
91%
19 FW Colombia Rafael Borré
91%
26 DF Argentina Alexandro Bernabei
83%
8 MF Brazil Bruno Henrique
80%
25 DF Argentina Gabriel Mercado
80%
7 FW Colombia Johan Carbonero
78%
4 DF Brazil Vitão
78%
11 MF Paraguay Óscar Romero
74%
- Coach Brazil Roger Machado
70%
35 DF Argentina Braian Aguirre
67%
17 FW Brazil Bruno Tabata
67%
12 GK Brazil Ivan
67%
24 GK Brazil Anthoni
65%
29 MF Brazil Thiago Maia
63%
15 DF Brazil Bruno Gomes
61%
49 FW Brazil Ricardo Mathias
61%
41 DF Brazil Victor Gabriel
61%
3 DF Uruguay Agustín Rogel
59%
28 FW Brazil Vitinho
59%
5 MF Brazil Fernando
54%
21 FW Brazil Wesley
54%
47 MF Brazil Gustavo Prado
48%
16 MF Brazil Ronaldo
48%
45 FW Brazil Lucca
41%
2 DF Brazil Ramon
41%
18 DF Brazil Juninho
39%
20 DF Brazil Clayton
33%
34 FW Brazil Gabriel Carvalho
33%
39 MF Brazil Luis Otávio
26%
33 MF Brazil Diego Rosa
22%
23 DF Brazil Nathan
20%
27 DF Brazil Kaique Rocha
15%
22 GK Brazil Kauan
15%
48 FW Brazil Lucca Drummond
13%
No matching quizzes found
Score Distribution
Percent of People with Each Score
Percentile by Number Answered
Your Score History
You have not taken this quiz